Účtovanie a vykazovanie dane z pridanej hodnoty podnikateľov SR diplomová práca

Enregistré dans:
Détails bibliographiques
Auteur principal: Borošová, Lenka
Collectivité auteur: Fakulta hospodárskej informatiky EU. Katedra účtovníctva a audítorstva
Autres auteurs: Kastlerová, Sylvia
Format: Livre
Langue:slovaque
Publié: Bratislava 2009
Tags: Ajouter un tag
Pas de tags, Soyez le premier à ajouter un tag!

MARC

LEADER 00000nam$a2200000$$$4500
001 0097371
005 20240318134918.4
041 0 |a slo 
044 |a SK 
245 1 0 |a Účtovanie a vykazovanie dane z pridanej hodnoty podnikateľov SR  |b diplomová práca  |c Lenka Borošová ; škol. Sylvia Kastlerová 
264 1 |a Bratislava  |c 2009 
300 |a 77 s. 
100 1 |a Borošová, Lenka 
700 1 |a Kastlerová, Sylvia 
710 2 |a Fakulta hospodárskej informatiky EU. Katedra účtovníctva a audítorstva